[Event "Coulsdon Easter-B"]
[Site "Coulsdon"]
[Date "2007.04.04"]
[Round "8"]
[White "Prodromidis, Nicholas"]
[Black "Gibbs, Dominic V"]
[Result "0-1"]
[WhiteElo "1978"]
[BlackElo "1956"]
[PlyCount "50"]
[EventDate "2007.03.31"]
[EventType "tourn"]
[EventRounds "9"]
[EventCountry "ENG"]
[SourceTitle "CBM 117 Extra"]
[Source "ChessBase"]
[SourceDate "2007.05.09"]
[SourceVersion "1"]
[SourceVersionDate "2007.05.09"]
[SourceQuality "1"]

1. d4 f5 2. g3 Nf6 3. Bg2 g6 4. b3 Bg7 5. Bb2 0-0 6. c4 d6 7. d5 Na6 8. Nh3 e5 9. dxe6 Nc5 10. Ng5 Qe7 11. Nd2 h6 12. Ngf3 Nxe6 13. e3 f4 14. gxf4 Nxf4 15. Bf1 Ng4 16. Bxg7 Nxe3 17. Qc1 Nxf1+ 18. Kd1 Qe2+ 19. Kc2 Bf5+ 20. Kc3 Nxd2 21. Nxd2 Kxg7 22. Re1 Qd3+ 23. Kb4 Qd4 24. Nf3 Nd3+ 25. Ka4 b5+ 0-1

[Event "Coulsdon Easter-B"]
[Site "Coulsdon"]
[Date "2007.04.03"]
[Round "6"]
[White "Prodromidis, Nicholas"]
[Black "Lock, Gavin R"]
[Result "0-1"]
[WhiteElo "1978"]
[BlackElo "2200"]
[PlyCount "44"]
[EventDate "2007.03.31"]
[EventType "tourn"]
[EventRounds "9"]
[EventCountry "ENG"]
[SourceTitle "CBM 117 Extra"]
[Source "ChessBase"]
[SourceDate "2007.05.09"]
[SourceVersion "1"]
[SourceVersionDate "2007.05.09"]
[SourceQuality "1"]

1. d4 d5 2. c4 c6 3. Nc3 Nf6 4. Nf3 e6 5. Bg5 Nbd7 6. e3 Qa5 7. cxd5 Nxd5 8. Qd2 N7b6 9. a3 Nxc3 10. Rc1 Nba4 11. bxc3 Bxa3 12. Ra1 Nxc3 13. Bd3 Qb4 14. 0-0 a5 15. d5 exd5 16. e4 dxe4 17. Bxe4 Be6 18. Bc2 0-0 19. Qd3 g6 20. Bh6 Rfe8 21. Rxa3 Qxa3 22. Qd4 Ne2+ 0-1

[Event "Coulsdon Easter-B"]
[Site "Coulsdon"]
[Date "2007.03.31"]
[Round "1"]
[White "Prodromidis, Nicholas"]
[Black "Ozanne, Mark S"]
[Result "1/2-1/2"]
[WhiteElo "1978"]
[BlackElo "2064"]
[PlyCount "62"]
[EventDate "2007.03.31"]
[EventType "tourn"]
[EventRounds "9"]
[EventCountry "ENG"]
[SourceTitle "CBM 117 Extra"]
[Source "ChessBase"]
[SourceDate "2007.05.09"]
[SourceVersion "1"]
[SourceVersionDate "2007.05.09"]
[SourceQuality "1"]

1. d4 Nf6 2. c4 g6 3. Nc3 Bg7 4. e4 d6 5. f3 0-0 6. Be3 c5 7. d5 e6 8. Qd2 exd5 9. cxd5 a6 10. a4 Nbd7 11. Nh3 Ne5 12. Nf2 Bd7 13. Be2 b5 14. axb5 axb5 15. Rxa8 Qxa8 16. Nxb5 Bxb5 17. Bxb5 Rb8 18. Be2 Qa1+ 19. Nd1 Rb4 20. 0-0 Nfd7 21. Qc2 Nb6 22. Bd2 Qa4 23. Qc1 Rb3 24. Bc3 Nec4 25. Qg5 Bxc3 26. Qd8+ Kg7 27. Nxc3 Qb4 28. f4 Nd2 29. Qxd6 Qd4+ 30. Rf2 Rxb2 31. Qe5+ Kg8 1/2-1/2

[Event "Blackpool op 31st"]
[Site "Blackpool"]
[Date "2007.03.17"]
[Round "2"]
[White "Wolstencroft, Darryl"]
[Black "Prodromidis, Nicholas"]
[Result "1-0"]
[WhiteElo "2170"]
[BlackElo "1978"]
[PlyCount "47"]
[EventDate "2007.03.16"]
[EventType "swiss"]
[EventRounds "5"]
[EventCountry "ENG"]
[SourceTitle "CBM 117 Extra"]
[Source "ChessBase"]
[SourceDate "2007.05.09"]
[SourceVersion "1"]
[SourceVersionDate "2007.05.09"]
[SourceQuality "1"]

1. c4 Nf6 2. g3 g6 3. Bg2 Bg7 4. Nc3 0-0 5. e3 d6 6. Nge2 Nc6 7. d4 a6 8. 0-0 Rb8 9. Rb1 Na5 10. b3 c5 11. e4 b5 12. cxb5 axb5 13. dxc5 dxc5 14. Qxd8 Rxd8 15. Bf4 Ba6 16. Bxb8 Rxb8 17. e5 Ng4 18. b4 Nc4 19. a4 bxa4 20. bxc5 Rf8 21. Rb4 a3 22. Ra4 Bc8 23. Rxc4 Nxe5 24. Ra4 1-0